00393nam a2200157Ia 4500003000400000008004100004040001600045082001300061100002300074245003600097260003100133300001000164490002400174650001500198650002200213GCL140319s9999 xx 000 0 eng d aGCL / cGCL04a843bJ H1 aTAHER, BEN JELLOUN10aHARROUDA / cTAHER, BEN JELLOUN a[S.N] : bDENOEL ، c1995 a176 P aCOLLECTION FOLIOv004aLITERATURE04aFRENCH LITERATURE